| 000 | 02252cam a22005054i 4500 | ||
|---|---|---|---|
| 003 | PE-LiUPU | ||
| 005 | 20250731172838.0 | ||
| 008 | 151127s1999 sp a rb 000 0 spa d | ||
| 020 | _a9788481692464 | ||
| 020 | _a8499454445 | ||
| 035 | _a(Sirsi) i9788481692464 | ||
| 040 |
_aPE-LiUPU _bspa _cPE-LiUPU _erda |
||
| 049 | _aPRUA | ||
| 082 | 0 | 4 |
_a228 _bP56 |
| 100 | 1 |
_aPikaza Ibarrondo, Xabier, _eautor. |
|
| 245 | 1 | 0 |
_aApocalipsis / _cXabier Pikaza Ibarrondo. |
| 250 | _aPrimera edición. | ||
| 264 | 1 |
_aEstella, España : _bVerbo Divino, _c1999. |
|
| 300 |
_a315 páginas : _bilustraciones ; _c24 centímetros. |
||
| 336 |
_atext _2rdacontent |
||
| 337 |
_aunmediated _2rdamedia |
||
| 338 |
_avolume _2rdacarrier |
||
| 490 | 0 | _aGuías de Lectura del Nuevo Testamento | |
| 504 | _aBibliografía : páginas 303-312. | ||
| 505 | 0 | _aIntroducción -- Prologo: saludo de Juan (1,1-8) -- Mensaje a las iglesias (1,9 - 3,22) -- Trono de dios, libro del cordero (4,1 - 5,14) -- Los siete sellos (6,1 - 8,1) -- Las siete trompetas (8,1 - 11,15) -- Mujer y dragón. Las dos bestias (11,15 - 14,5) -- Evangelio de juicio, copas de la ira (14,6 - 16,219) -- El juicio de babel (17,1 -19,10). Ciudad prostituida -- Triunfo de cristo, juicio de dios (19,11 - 20,15) -- Cielo nuevo, nueva tierra (21,1 - 22,5) bodas del cordero -- Epilogo. Libro de bodas (22,6-21) -- Conclusión. Problemas abiertos -- Apéndice -- Diccionario de símbolos y temas -- Bibliografía. | |
| 526 | _aSEG42 | ||
| 526 | _aSEG41 | ||
| 526 | _aSEG40 | ||
| 526 | _aSEG39 | ||
| 526 | _aP94 | ||
| 526 | _aP87 | ||
| 526 | _aP86 | ||
| 526 | _aP85 | ||
| 526 | _aP77 | ||
| 526 | _aP76 | ||
| 526 | _aP35 | ||
| 630 | 0 | 4 |
_aBiblia. _pN.T. _pApocalipsis _vComentarios. |
| 910 |
_ardg _bjck _crdg _d20151127 |
||
| 942 |
_2ddc _cBOOK |
||
| 949 |
_a228 P56 _wDEWEY _c1 _i69488 _lCCODEBUL1 _mBUL _p00.00 _r0 _sY _tBOOK _u2015-11-27 _xTEOLOGIA _PP35 _0COMPRA _o.STAFF. Colección General |
||
| 994 |
_aC0 _bPEPRU |
||
| 596 | _a1 | ||
| 999 |
_a228 P56 _wDEWEY _c8060 _i69488 _d8060 _e2018-9-2 _f2021-11-9 _g5 _lCCODEBUL1 _mBUL _n26 _p17.00 _q23 _r0 _sY _tBOOK _u2015-11-27 _xTEOLOGIA _PP35 _0COMPRA _o.STAFF. Colección Teología |
||
| 980 |
_81 _gALBERTO SANCHEZ Responsable de Automatización |
||